000
00350nam a2200157Ia 4500
003
IT-RoPAU
008
120407s9999 xx 000 0 und d
040
_a
IT-RoPAU
040
_c
IT-RoPAU
245
_a
Il Circolo di S. Pietro nel 75° di sua fondazione
245
_c
AA.VV.
260
_a
Agostiniana
300
_c
cm
490
_v
1
942
_c
BK
999
_c
568
_d
568